Sports Quiz

Random Sports or MLB Quiz
Score 0/24 Timer 07:00
1 Play Today
Teams Player % Correct
SEA 6, CINKen Griffey, Jr.
97%
SEA 3, TEX 3, NYY 2Alex Rodriguez
96.3%
STL 6, LAAAlbert Pujols
90.8%
OAK 3, STL 2*Mark McGwire
86.6%
CLE 3, PHI 2, CHWJim Thome
85.1%
CLE 2, BOS 3Manny Ramirez
84.3%
OAK 2, NYY 2Jason Giambi
76.3%
BAL, TEX 3Rafael Palmeiro
71.4%
OAK, NYYReggie Jackson
63.5%
DET/ARI, BOSJ.D. Martinez
58.9%
CIN 4, CIN/ARI, CHWAdam Dunn
56.5%
LAD, NYMMike Piazza
56.2%
Teams Player % Correct
FLA, LADGary Sheffield
53.3%
OAK 2, TORJose Canseco
50.4%
PHA 3, BOS 2Jimmie Foxx
45.8%
BAL, SEA 2, MINNelson Cruz
44.8%
CLE 2, CHWAlbert Belle
43.6%
TOR, LAD 2Shawn Green
40.9%
ATL, CLE/NYYDavid Justice
40.7%
COL 2, ATLAndres Galarraga
38.3%
MIL/SD, SD, CINGreg Vaughn
31.4%
ATL, DETDarrell Evans
18.8%
NYG 2, STLJohnny Mize
15.4%
CLE 2, DET Rocky Colavito
12.9%

You're not logged in!

Compare scores with friends on all Sporcle quizzes.
OR
Log In

Sporcle TV

Today on Sporcle TV


Watch our educational content, quiz creation guides, and fun videos on Sporcle TV.

Show Comments

Extras

Top Quizzes Today


Score Distribution

Paid Content

Your Account Isn't Verified!

In order to create a playlist on Sporcle, you need to verify the email address you used during registration. Go to your Sporcle Settings to finish the process.

Report this User

Report this user for behavior that violates our Community Guidelines.

Details: